Extinct Cenozoic creatures by meaning of name - Statistics

General Stats
  • This quiz has been taken 57 times
  • The average score is 10 of 33
Answer Stats
Meaning of the name Name of Animal % Correct
Sabre tooth Smilodon
86%
Andrew's beast Andrewsarchus
73%
Giant snake Titanoboa
73%
Indric mammal Indricotherium
64%
Giant mammal Megatherium
64%
Giant ape Gigantopithecus
61%
Uinta beast Uintatherium
57%
Earth burrower Mammoth
55%
Mammal from Moeris Oasis Moeritherium
48%
Hyena tooth Hyaenodon
45%
Pouched sabre Thylacosmilus
43%
Carved tooth Glyptodon
39%
Earth burrower Mastodon
39%
Plate mammal Elasmotherium
36%
Ambiguous dog Amphicyon
34%
Arsinoe's beast Arsinoitherium
30%
Great ripper Megalania
25%
Big horn Megaceros
23%
Giant bird Titanis
23%
Ancient mammal Archaeotherium
20%
Two forward teeth Diprotodon
18%
Big horned face Megaceratops
16%
Tall camel Aepycamelus
14%
Long neck Macrauchenia
14%
Shovel tooth Ambelodon
7%
Forward hill tooth Procoptodon
7%
Combined horn Synthetoceras
7%
Peaked tooth Coryphodon
5%
Across Trym (a giant in norse mythology) Diatryma
2%
Pestle tail Doedicrurus
2%
Lesser ripper Meiolania
2%
Armour lover Peltaphilus
0%
Flesh-tearing tooth Sarcastodon
0%
No matching quizzes found
Score Distribution
Percent of People with Each Score
Percentile by Number Answered
Your Score History
You have not taken this quiz